000 00261nam a2200097Ia 4500
001 1211706
005 20250827024441.0
008 250824s9999 xx 000 0 und d
245 0 _aTÜRKÜN ATEŞLE İMTİHANI
_cHALİDE EDİB ADIVAR
260 _bÖZGÜR YAYINLARI
999 _c1211706
_d1211706